| 000 | 00406 a2200133 4500 | ||
|---|---|---|---|
| 001 | 91422 | ||
| 082 | _aPR 1319 | ||
| 090 |
_c43553 _d43552 |
||
| 100 | _aMuhammad Arslan; Prof Jahangir Khan Kayani and Muddassir Iqbal (Advisors) | ||
| 245 |
_aRadar Cposs Section Evaluation of JF-17 Aircraft Phase-III _n72 "B" EC |
||
| 260 |
_aRawalpindi _bNUST _c2012 |
||
| 300 | _axii, 82p | ||
| 500 | _aBE Project Reports | ||
| 942 |
_aCAE NUST _kPR-1319 |
||
| 999 |
_c326495 _d326495 |
||